Economics:An Introduction for the General Reader (Record no. 8711)

MARC details
000 -LEADER
fixed length control field 00410nam a2200145Ia 4500
008 - FIXED-LENGTH DATA ELEMENTS--GENERAL INFORMATION
fixed length control field 211109s9999||||xx |||||||||||||| ||und||
082 ## - DEWEY DECIMAL CLASSIFICATION NUMBER
Classification number 330
Item number CLA-E
100 ## - MAIN ENTRY--PERSONAL NAME
Personal name Clay, Henry
245 #0 - TITLE STATEMENT
Title Economics:An Introduction for the General Reader
260 ## - PUBLICATION, DISTRIBUTION, ETC.
Name of publisher, distributor, etc. MACMILLAN COMPANY
Place of publication, distribution, etc. BOMBAY
Date of publication, distribution, etc. 1934
300 ## - PHYSICAL DESCRIPTION
Extent 476p.
630 ## - SUBJECT ADDED ENTRY--UNIFORM TITLE
General subdivision General Stack
650 ## - SUBJECT ADDED ENTRY--TOPICAL TERM
Topical term or geographic name entry element Social Sciences
942 ## - ADDED ENTRY ELEMENTS (KOHA)
Koha item type BOOK
650 ## - SUBJECT ADDED ENTRY--TOPICAL TERM
Form subdivision EconomicsEconomics
General subdivision Economics
Holdings
Withdrawn status Lost status Damaged status Not for loan Home library Current library Date acquired Cost, normal purchase price Total Checkouts Full call number Barcode Shelving location Date last seen Price effective from Koha item type
        SB LIBRARY SB LIBRARY 09/11/2021 30.00   330 CLA-E 00009232 GENERAL STACK 09/11/2021 09/11/2021 BOOK

Powered by Koha